000 00324nam a2200133Ia 4500
005 20251222142002.0
008 251222s9999||||xx |||||||||||||| ||spa||
020 _a84-377-0048-5
082 _a894.353/H5
100 _aHikmet, Nazim
245 0 _aDuro Oficio El Exilio
264 _bLos Libros De La Frontera
942 _cLIB
999 _c10028
_d10028